000 00414cam a22001457a 4500
008 180718b1974 xxu||||| |||| 00| 0 eng d
020 _a0070315396
082 _aW2 H971
100 _aHutchinson, B.G.
245 _aPrinciples of Urban transport planning
_cby B.G. Hutchinson
260 _aWashington
_bScripta
_c1974
300 _axx,444p
650 _aTraffic estimation.
650 _aUrban transportation policy
999 _c411606
_d411606